000 00495cam a2200193ua 4500
001 3281
005 20260515113646.0
008 111014n ii |||gr||||Z||||||asm
040 _cMAIN
082 _a891.4513
100 1 _aSarma, Satyendra Nath,
245 1 1 _aAsamiya upanyasar bhumika
_cby Satyendra Nath Sarma
250 _a1st.
260 _aGuahati:
_bSaumar Prakashan,
_c2004.
300 _a124p:
_c23cm.
653 _aAssamese novel
653 _aAsamiya upanyasar bhumika
942 _cBK
999 _c3124
_d3124